كتاب طبقات المعتزلة / (Record no. 16218)
[ view plain ]
| 000 -الفاتح | |
|---|---|
| حقل البيانات ثابتة الطول | 00885nam a22001937a 4500 |
| 005 - وقت وتاريخ اخر تعامل مع التسجيلة | |
| رقم الضبط | 20201124141957.0 |
| 008 - عناصر البيانات ثابتة الطول - معلومات عامة | |
| حقل البيانات ثابتة الطول | 111116s1961 le|||||r|||| 001 0 ara d |
| 082 ## - رقم تصنيف ديوى العشرى | |
| رقم الطبعة | 22 |
| رقم التصنيف | 246 |
| رقم المادة | م هـ د |
| 100 ## - المدخل الرئيسى - إسم شخصى | |
| 9 (RLIN) | 27768 |
| الإسم الشخصى | المهدي لدين الله ، |
| التواريخ المصاحبة للاسم | 775-840 هـ. |
| الشكل الأكمل للاسم | أحمد بن يحيى بن المرتضى |
| 240 ## - العنوان الموحد | |
| عنوان موحد | طبقات المعتزلة |
| 245 ## - بيان العنوان | |
| العنوان | كتاب طبقات المعتزلة / |
| بيان المسئوليه,etc | تأليف احمد بن يحيى بن المرتضى ؛ عنيت بتحقيقه سوسنه ديفلد فلزر. |
| 246 ## - العنوان الموازى | |
| عنوان صحيح/عنوان مختصر | Klassen der Mu'taziliten |
| 260 ## - PUBLICATION, DISTRIBUTION, ETC. (IMPRINT) | |
| مكان الناشر او الموزع | بيروت : |
| اسم الناشر او الموزع | فرانز شتاينز فيسبادن، |
| تاريخ النشر أو التوزيع | 1961. |
| 300 ## - الوصف المادى | |
| التعداد | 189، xx ص. |
| أبعاد الوعاء | 24 سم. |
| 504 ## - تبصرة ببليوجرافية | |
| تبصرة ببليوجرافية,الخ | يشتمل على ارجاعات ببليوجرافية و كشافات. |
| 653 ## - مصطلح تكشيفى غير مقيد | |
| Resource For college | |
| Arrived date list | November2011 |
| 700 ## - المدخل الاضافى - اسم شخصى | |
| 9 (RLIN) | 27769 |
| الإسم الشخصى | فلزر، سوسنة ديفلد |
| 942 ## - عناصر المدخل الإضافي( كوها) | |
| مصدر التصنيف او مخطط الترفيف | Dewey Decimal Classification |
| Koha [default] item type | Book - Borrowing |
| حالة التراجع | حالة الفقد | مصدر التصنيف او خطة الترفيف | حالة تلف | ليس للاعارة | مجموعات كوها | المكان الدائم | المكان الحالي | موقع الترفيف | تاريخ الاكتساب | Source of acquisition | رقم الاستدعاء | الباركود | Date last seen | نوع الوعاء |
|---|---|---|---|---|---|---|---|---|---|---|---|---|---|---|
| Dewey Decimal Classification | Alef-Baa | Central Library | Central Library | Lower Floor | 16/11/2011 | 246 م هـ د | 000025645 | 15/07/2025 | Book - Borrowing |